000 00778nam a2200301 a 4500
003 AR-BaBNM
005 20251128202831.0
008 082120s2002 ||||||||||||||000 | spa||
040 _cAR-BaBNM
100 1 _aPayró, Roberto J.
245 0 0 _aEn las tierras de Inti
260 _aBuenos Aires
_bEudeba
_c1960
300 _a228 p.
_bil.
490 0 _aSerie de siglo y medio
_vv. 18
500 _aContiene ilustración en colores por Antonio Berni
650 4 _aLITERATURA ARGENTINA
650 4 _aCUENTOS
650 4 _aLITERATURA FOLKLORICA
650 4 _aLEYENDAS
651 4 _aCatamarca
651 4 _aBuenos Aires [Provincia]
651 4 _aTucumán
651 4 _aJujuy
653 _aPERIODISMO LITERARIO
653 _aCRONICAS
942 _cBK
998 _cisola
999 _c801
_d801